000 00370 a2200109 4500
001 ART_31273
005 20260410161840.0
008 260409a
245 1 0 _aLos concursos en la carrera de profesionales de salud en el gobierno de la ciudad de Buenos Aires
100 1 _aGimbatti, Silvia M.
773 0 _tRAP
_g- Año 36, Nº 421 (oct. 2013)
_wREV5941
999 _c24010
_d24010